|
|
|
|
| LEADER |
01359nam a22003017a 4500 |
| 001 |
39228 |
| 003 |
BD-DhAAL |
| 008 |
220725t2020 cau||||| b||| 001 0 eng d |
| 999 |
|
|
|c 44603
|d 44603
|
| 020 |
|
|
|a 9781681738116 (pbk)
|
| 020 |
|
|
|a 9781681738130 (hbk)
|
| 040 |
|
|
|a BD-DhAAL
|c BD-DhAAL
|
| 082 |
|
|
|a 006.35
|2 23
|
| 100 |
|
|
|a Farzindar, Anna Atefeh
|9 50210
|
| 245 |
|
|
|a Natural language processing for social media /
|c Anna Atefeh Farzindar and Diana Inkpen
|
| 260 |
|
|
|a San Rafael :
|b Morgan & Claypool Publishers,
|c c2020.
|
| 300 |
|
|
|a xxv, 193 pages :
|b illustratipons ;
|c 24 cm.
|
| 504 |
|
|
|a Includes bibliographical references and index.
|
| 526 |
|
|
|a CSE
|
| 541 |
|
|
|a Book Finder International
|e 39228, 39229
|
| 650 |
|
|
|a Natural language processing (Computer science).
|9 50211
|
| 650 |
|
|
|a Social media.
|9 50212
|
| 650 |
|
|
|a Computer science.
|9 50213
|
| 700 |
|
|
|a Inkpen, Diana
|9 50214
|
| 852 |
|
|
|a Ayesha Abed Library
|c General Stacks
|
| 942 |
|
|
|2 ddc
|c BK
|
| 952 |
|
|
|0 0
|1 0
|2 ddc
|4 0
|6 006_350000000000000_FAR
|7 0
|9 71301
|a BRACUL
|b BRACUL
|c GEN
|d 2022-07-21
|e Book Finder International
|g 6009.04
|l 0
|o 006.35 FAR
|p 3010039229
|r 2022-07-21
|t 2
|v 6009.04
|w 2022-07-21
|y BK
|
| 952 |
|
|
|0 0
|1 0
|2 ddc
|4 0
|6 006_350000000000000_FAR
|7 0
|9 71302
|a BRACUL
|b BRACUL
|c GEN
|d 2022-07-21
|e Book Finder International
|g 6009.04
|l 0
|o 006.35 FAR
|p 3010039228
|r 2022-07-21
|t 1
|v 6009.04
|w 2022-07-21
|y BK
|